Statystyki dla 150 Stopni Zachodnie Południk Kraje

Kliknij tutaj aby rozwiązać quiz!

Ogólne statystyki

  • Ten quiz został rozwiązany 78 razy
  • Średni wynik to 11 z 20

Statystyki odpowiedzi

stopnikraj% Poprawnych
9.00°Kanada
83%
Stany Zjednoczone
83%
32.88°Meksyk
72%
56.36°Australia
65%
26.16°Nowa Zelandia
65%
18.98°Rosja
61%
28.75°Fidzi
59%
46.96°Mikronezja
57%
43.87°Wyspy Salomona
57%
43.04°Nauru
55%
37.83°Wyspy Marshalla
55%
21.43°Samoa
51%
23.90°Tonga
51%
30.13°Tuvalu
51%
40.55°Chile
49%
0.19°Kiribati
49%
39.76°Vanuatu
49%
54.05°Papua-Nowa Gwinea
48%
7.32°Wyspy Cooka
32%
19.78°Niue
14%

Rozkład punktacji

Percentyl według liczby udzielonych odpowiedzi

Procent ludzi z każdym wynikiem

Twoja historia wyników

Nie rozwiązałeś tego quizu